| 000 | 04380nam a22002777a 4500 | ||
|---|---|---|---|
| 003 | NALT | ||
| 005 | 20250919095529.0 | ||
| 008 | 250917b th ||||| |||| 00| 0 tha d | ||
| 040 | _aNALT | ||
| 086 | _aสว 09 7.3 382 2563 | ||
| 110 | 2 |
_aสำนักงานเลขาธิการวุฒิสภา. _bสำนักกรรมาธิการ 1 _92441 |
|
| 245 | 1 | 0 |
_aรายงานการพิจารณาศึกษา เรื่อง การส่งเสริมการค้าชายแดน ข้อมูลประกอบเล่มที่ 1 ชายแดนไทย - กัมพูชา - เวียดนาม - จีน และไทย - ลาว - เวียดนาม - จีน ของ คณะกรรมาธิการการพาณิชย์และการอุตสาหกรรม วุฒิสภา / _cสำนักกรรมาธิการ 1 สำนักงานเลขาธิการวุฒิสภา. |
| 260 |
_aกรุงเทพฯ : _bสำนักการพิมพ์ สำนักงานเลขาธิการวุฒิสภา, _c2563. |
||
| 300 |
_a73 หน้า : _bตาราง, แผนภูมิ, แผนที่ ; _c20 ซม. |
||
| 505 | 2 | _aบทที่ 1 สถานการณ์การค้าชายแดนและการค้าผ่านแดนด้านชายแดนไทย - กัมพูชา - เวียดนาม - จีน และไทย - ลาว - เวียดนาม - จีน -- 1.1 คำนิยามและประเภทจุดผ่านแดน -- 1.2 การค้าชายแดนและการค้าผ่านแดนของไทย -- 1.3 การเชื่อมโยงเส้นทางการขนส่งสินค้าระหว่างไทยกับประเทศเพื่อนบ้าน -- บทที่ 2 ยุทธศาสตร์และการส่งเสริมการค้าชายแดน -- 2.1 การพัฒนาโครงสร้างพื้นฐานด้านคมนาคมและโลจิสติกส์รองรับการค้าชายแดน -- 2.2 ความคืบหน้าการพัฒนาระบบการเชื่อมโยงข้อมูลอิเล็กทรอนิกส์ในประเทศ ณ จุดเดียว (National Single Window : NSW) และการเชื่อมโยงกับอาเซียน (ASEAN Single Window : ASW) -- 2.3 การผลักดันประเด็นการค้าชายแดนผ่านกรอบทวิภาคีและกรอบความร่วมมืออนุภูมิภาค -- 2.4 ความคืบหน้าเขตพัฒนาเศรษฐกิจพิเศษ -- บทที่ 3 บทวิเคราะห์ปัญหาอุปสรรคการค้าชายแดนและผ่านแดนของไทย -- 3.1 ปัญหาอุปสรรคการค้าชายแดนและแนวทางดำเนินการ -- 3.2 การวิเคราะห์ศักยภาพและการเชื่อมโยงโอกาสการค้าผ่านแดนกับประเทศที่สาม. | |
| 610 | 2 | 4 |
_aคณะกรรมาธิการการพาณิชย์และการอุตสาหกรรม วุฒิสภา _xรายงาน _947147 |
| 650 | 4 |
_aการค้าระหว่างประเทศ _99659 |
|
| 653 | 4 | _aการค้าชายแดน | |
| 710 | 2 |
_aคณะกรรมาธิการการพาณิชย์และการอุตสาหกรรม วุฒิสภา _947458 |
|
| 856 | 4 | 0 | _uhttps://prt.parliament.go.th/items/2f7e756f-2ac0-40c0-8b5a-3b5dff6a57d4 |
| 942 |
_2local _cPAR _m |
||
| 996 |
_ajidapa.t _bACQSTF _c2025-09-17 |
||
| 996 |
_avaree.k _bLIBSTF _c2025-09-18 |
||
| 996 |
_ajamriang.p _bCATSTF _c2025-09-19 |
||
| 999 |
_c107210 _d107210 |
||
| 998 |
_j1020 _k นางจำเรียง ระวังสำโรง |
||